La formación de profesores para la incorporación de las tecnologías de la información y la comunicación (Record no. 674521)

000 -CABECERA
Campo de control de longitud fija 00528nab a2200145Ia 4500
003 - IDENTIFICADOR DEL NÚMERO DE CONTROL
Campo de control ES-SlBCS
005 - FECHA Y HORA DE LA ÚLTIMA TRANSACCIÓN
Campo de control 20210601142257.0
008 - CÓDIGOS DE INFORMACIÓN DE LONGITUD FIJA
Campo de control de longitud fija 140529s2008 xxu||||| |||| 00| 0 spa d
041 ## - CÓDIGO DE LENGUA
Código de lengua del texto/banda sonora o título independiente spa
100 1# - PUNTO DE ACCESO PRINCIPAL-NOMBRE DE PERSONA
Nombre de persona Omaña Cervantes, Óscar
9 (RLIN) 267548
245 00 - MENCIÓN DE TÍTULO
Título La formación de profesores para la incorporación de las tecnologías de la información y la comunicación
Mención de responsabilidad, etc. Óscar Omaña Cervantes
650 04 - PUNTO DE ACCESO ADICIONAL DE MATERIA-TÉRMINO DE MATERIA
Término de materia o nombre geográfico como elemento inicial Formación Docente
9 (RLIN) 209252
773 0# - ENLACE AL DOCUMENTO FUENTE
Título Indivisa
Parte(s) relacionada(s) vol. Monografía X, nº. 1, 2008, págs. 123-136
Número de control del registro relacionado 1579-3141
942 ## - ENTRADA DE ELEMENTOS AGREGADOS (KOHA)
Koha [por defecto] tipo de item Artículos de revista
Holdings
Suprimido Perdido Estropeado No para préstamo Localización permanente Localización actual Localización en estantería Fecha adquisición Préstamos totales Fecha última consulta Fecha del precio de reemplazo Tipo de item de Koha
        San Esteban San Esteban Depósito de revistas 11/07/2014   11/07/2014 11/07/2014 Artículos de revista

Bibliotecas Dominicos Provincia Hispania, 2016

Con tecnología Koha